header

Student counseling in Japan (Record no. 39606)

MARC details
000 -LEADER
fixed length control field 01431nam a2200361 a 4500
082 04 - DEWEY DECIMAL CLASSIFICATION NUMBER
Classification number 371.42
245 10 - TITLE STATEMENT
Title Student counseling in Japan
260 ## - PUBLICATION, DISTRIBUTION, ETC. (IMPRINT)
Place of publication Minneapolis :
Name of publisher University of Minnesota Press,
Year of publication [c1953]
300 ## - PHYSICAL DESCRIPTION
Number of Pages xv, 204 p. :
Other physical details ill.
490 0# - SERIES STATEMENT
Series statement Minnesota library on student personnel work
500 ## - GENERAL NOTE
General note Includes index.
650 #0 - SUBJECT ADDED ENTRY--TOPICAL TERM
Topical Term Education
Topical Term Educational counseling.
700 1# - ADDED ENTRY--PERSONAL NAME
Personal name Lloyd, Wesley P.
856 40 - ELECTRONIC LOCATION AND ACCESS
Uniform Resource Identifier http://site.ebrary.com/lib/rucke/Doc?id=10231216

No items available.

© 2026 Rongo University
Contact us: librarian | system librarian | Rongo university